Statistics for Countries of the World by Word in Official Name in 90 Seconds

Click here to take the quiz!

General Stats

  • This quiz has been taken 1,247 times
  • The average score is 148 of 196

Answers on the Map

Answers color-coded by a green-red scale on the quiz's map according to % correct below.
 

Answer Stats

Country% Correct
United Kingdom of Great Britain and Northern Ireland
95%
United Republic of Tanzania
95%
Federative Republic of Brazil
93%
People's Republic of China
93%
Republic of China
93%
United States of America
93%
Republic of South Sudan
92%
United Mexican States
92%
United Arab Emirates
91%
Arab Republic of Egypt
90%
Co-operative Republic of Guyana
90%
Republic of India
90%
Republic of South Africa
90%
Federal Republic of Germany
89%
Republic of Chile
89%
Republic of Finland
89%
Republic of Peru
89%
Democratic People's Republic of Korea
88%
Democratic Republic of São Tomé and Príncipe
88%
Democratic Republic of the Congo
88%
Federal Democratic Republic of Nepal
88%
Islamic Republic of Iran
88%
Lao People's Democratic Republic
88%
People's Democratic Republic of Algeria
88%
Republic of Chad
88%
Republic of Cuba
88%
Republic of Iceland
88%
Republic of Mali
88%
Republic of the Sudan
88%
Republic of Trinidad and Tobago
88%
Democratic Socialist Republic of Sri Lanka
87%
Federal Democratic Republic of Ethiopia
87%
Federal Republic of Nigeria
87%
Federal Republic of Somalia
87%
Islamic Republic of Pakistan
87%
People's Republic of Bangladesh
87%
Republic of Austria
87%
Republic of Colombia
87%
Republic of Indonesia
87%
Republic of Iraq
87%
Republic of Korea
87%
Republic of Niger
87%
Republic of Panama
87%
Republic of Poland
87%
Republic of the Congo
87%
Republic of Yemen
87%
Syrian Arab Republic
87%
Bolivarian Republic of Venezuela
86%
Central African Republic
86%
Democratic Republic of Timor-Leste
86%
Dominican Republic
86%
Islamic Republic of Afghanistan
86%
Islamic Republic of Mauritania
86%
Kingdom of Spain
86%
Oriental Republic of Uruguay
86%
Republic of Angola
86%
Republic of Bulgaria
86%
Republic of Costa Rica
86%
Republic of Croatia
86%
Republic of Ecuador
86%
Republic of El Salvador
86%
Republic of Equatorial Guinea
86%
Republic of Estonia
86%
Republic of Fiji
86%
Republic of Guatemala
86%
Republic of Guinea
86%
Republic of Guinea-Bissau
86%
Republic of Haiti
86%
Republic of Honduras
86%
Republic of Kazakhstan
86%
Republic of Kenya
86%
Republic of Latvia
86%
Republic of Liberia
86%
Republic of Lithuania
86%
Republic of Madagascar
86%
Republic of Malawi
86%
Republic of Maldives
86%
Republic of Namibia
86%
Republic of Paraguay
86%
Republic of San Marino
86%
Republic of Suriname
86%
Republic of the Marshall Islands
86%
Republic of the Philippines
86%
Republic of the Union of Myanmar
86%
Republic of Tunisia
86%
Republic of Turkey
86%
Republic of Uganda
86%
Republic of Zambia
86%
Slovak Republic
86%
Socialist Republic of Vietnam
86%
Argentine Republic
85%
Czech Republic
85%
French Republic
85%
Gabonese Republic
85%
Hellenic Republic
85%
Italian Republic
85%
Kingdom of Norway
85%
Kingdom of Saudi Arabia
85%
Kingdom of Sweden
85%
Kyrgyz Republic
85%
Lebanese Republic
85%
Portuguese Republic
85%
Republic of Albania
85%
Republic of Armenia
85%
Republic of Azerbaijan
85%
Republic of Belarus
85%
Republic of Benin
85%
Republic of Botswana
85%
Republic of Burundi
85%
Republic of Cabo Verde
85%
Republic of Cameroon
85%
Republic of Côte d'Ivoire
85%
Republic of Cyprus
85%
Republic of Djibouti
85%
Republic of Ghana
85%
Republic of Kiribati
85%
Republic of Kosovo
85%
Republic of Macedonia
85%
Republic of Malta
85%
Republic of Mauritius
85%
Republic of Moldova
85%
Republic of Mozambique
85%
Republic of Nauru
85%
Republic of Nicaragua
85%
Republic of Palau
85%
Republic of Rwanda
85%
Republic of Senegal
85%
Republic of Serbia
85%
Republic of Seychelles
85%
Republic of Sierra Leone
85%
Republic of Singapore
85%
Republic of Slovenia
85%
Republic of Tajikistan
85%
Republic of the Gambia
85%
Republic of Uzbekistan
85%
Republic of Vanuatu
85%
Republic of Zimbabwe
85%
Togolese Republic
85%
Kingdom of Denmark
83%
State of Libya
81%
Canada
80%
Kingdom of Morocco
80%
Kingdom of Thailand
80%
Independent State of Papua New Guinea
77%
Kingdom of Cambodia
77%
Kingdom of Belgium
76%
Hashemite Kingdom of Jordan
75%
Plurinational State of Bolivia
75%
Commonwealth of Australia
74%
Kingdom of Lesotho
74%
Kingdom of Bhutan
73%
Kingdom of Bahrain
72%
Kingdom of Swaziland
72%
Kingdom of Tonga
72%
Kingdom of the Netherlands
71%
State of Eritrea
68%
Federation of Saint Christopher and Nevis
67%
Russian Federation
66%
Mongolia
64%
Sultanate of Oman
63%
Ukraine
63%
Japan
62%
Ireland
60%
State of Kuwait
58%
State of Qatar
58%
State of Israel
57%
Independent State of Samoa
54%
New Zealand
54%
Vatican City State
54%
Romania
51%
Bosnia and Herzegovina
48%
Commonwealth of the Bahamas
46%
Burkina Faso
45%
Malaysia
44%
Federated States of Micronesia
42%
Hungary
39%
Saint Vincent and the Grenadines
37%
Turkmenistan
36%
Commonwealth of Dominica
30%
Georgia
29%
Antigua and Barbuda
28%
Solomon Islands
28%
Union of the Comoros
25%
Belize
24%
Swiss Confederation
23%
Montenegro
21%
Saint Lucia
20%
Jamaica
19%
Principality of Andorra
13%
Principality of Liechtenstein
13%
Principality of Monaco
13%
Tuvalu
13%
Grand Duchy of Luxembourg
10%
Nation of Brunei, Abode of Peace
10%
Barbados
6%
Grenada
4%

Score Distribution

Percentile by Number Answered

Percent of People with Each Score

Your Score History

You have not taken this quiz